000 00312nam a2200133Ia 4500
005 20251222151344.0
008 251222s9999||||xx |||||||||||||| ||spa||
082 _a599.5/C16
100 _aCafiero, Gaetano
245 0 _aWhales and Dolphins
250 _a1ra.ed.
264 _bBarnes & Noble Book
942 _cLIB
999 _c24580
_d24580